Suma filosófica del siglo XIX (Record no. 161677)

MARC details
000 -LEADER
campo de control de longitud fija 01188nam a2200229 i 4500
001 - NÚMERO DE CONTROL
campo de control 161677
003 - IDENTIFICADOR DE NÚMERO DE CONTROL
campo de control ES-MaACL
005 - FECHA Y HORA DE LA ÚLTIMA TRANSACCIÓN
campo de control 20251116063109.0
008 - DATOS DE LONGITUD FIJA--INFORMACIÓN GENERAL
campo de control de longitud fija 981215m18691880sp |||| | spa d
100 2# - ENTRADA PRINCIPAL--NOMBRE DE PERSONA
Nombre de persona Peñalver y Peñalver, Narciso José,
Títulos y otros términos asociados al nombre Conde de,
Fechas asociadas al nombre m.1881
9 (RLIN) 131099
245 10 - MENCIÓN DEL TÍTULO
Título Suma filosófica del siglo XIX
Resto del título : o sea, defensa del catolicismo contra sus modernos adversarios : colección de documentos demostrativos de la doctrina de la Iglesia : en el orden dogmático, sobrenatural, filosófico, científico, político y social /
Mención de responsabilidad, etc. formada por N. J. P. y P.
260 ## - PUBLICACIÓN, DISTRIBUCIÓN, ETC.
Lugar de publicación, distribución, etc. Barcelona :
Nombre del editor, distribuidor, etc. Librería Católica de José Pons,
Fecha de publicación, distribución, etc. 1869-1880 (
Fabricante Imp. de Miguel González)
300 ## - DESCRIPCIÓN FÍSICA
Extensión 5 v. ;
Dimensiones 23 cm.
595 ## -
-- Existe otra ed. del mismo editor con la mención de responsabilidad desarrollado en port. y otras diferencias tipográficas.
597 ## - NOTA DE DESCRIPCIÓN FÍSICA
NOTA DE DESCRIPCIÓN FÍSICA Antep.
597 ## - NOTA DE DESCRIPCIÓN FÍSICA
NOTA DE DESCRIPCIÓN FÍSICA Texto a dos col.
597 ## - NOTA DE DESCRIPCIÓN FÍSICA
NOTA DE DESCRIPCIÓN FÍSICA T.I (XVIII, 598 p.) - T.II (1644 p.) - T.III (XXIV, 1700 p.) - T.IV (897 p.) - T.V (LXVIII, 1664 p.)
610 24 - PUNTO DE ACCESO ADICIONAL DE MATERIA--NOMBRE DE ENTIDAD CORPORATIVA
Nombre de entidad corporativa o nombre de jurisdicción como elemento de entrada Iglesia Católica
9 (RLIN) 4639
610 24 - PUNTO DE ACCESO ADICIONAL DE MATERIA--NOMBRE DE ENTIDAD CORPORATIVA
Nombre de entidad corporativa o nombre de jurisdicción como elemento de entrada Masonería
9 (RLIN) 5658
852 ## - LOCALIZACIÓN
Ubicación ES-MaACL
Número de control de estantería G-7817-21
Nota libre - Enc. pasta española
Holdings
Estatus retirado Estado de pérdida Estado de daño No para préstamo Colección Biblioteca de origen Biblioteca actual Ubicación en estantería Fecha de adquisición Total de préstamos Signatura topográfica completa Código de barras Visto por última vez Precio de reemplazo Tipo de ítem Koha
        Libros del s. XIX Biblioteca del Ateneo de Madrid Biblioteca del Ateneo de Madrid Sala Pecera Planta 3 17/01/2008   G-7817-21 1169356 23/02/2023 23/02/2023 Libro impreso antiguo